| 000 | 01009nam a2200265Ia 4500 | ||
|---|---|---|---|
| 003 | OSt | ||
| 005 | 20221005103629.0 | ||
| 006 | a|||||r|||| 00| 0 | ||
| 007 | ta | ||
| 008 | 221004b |||||||| |||| 00| 0 hin d | ||
| 020 | _a9789380845245 (hbk) | ||
| 024 | _a27457 | ||
| 037 |
_bGift, 27/07/2016, _cTextual |
||
| 040 |
_aCRL _cCRL _bhin |
||
| 041 |
_2hin _ahin |
||
| 082 | _aO152,3N11:g, Q1 | ||
| 100 | _aनिरंजन कुमार | ||
| 245 | 0 | _aअज्ञेय के उपन्यास और व्यष्टि एवं समष्टि का द्वन्द्व | |
| 246 | _aAjnyeya ke upanyās aur vyaṣhṭi evan samaṣhṭi kā dvandva | ||
| 260 |
_aदिल्ली _bअंगन प्रकाशन भारत _c2011 |
||
| 300 |
_a144पृ0 _ccm. |
||
| 650 | _aहिन्दी साहित्य | ||
| 942 |
_hO152,3N11:g, Q1 _cTEXL _2cc |
||
| 999 |
_c1010461 _d1010461 |
||